Statistics for Xbox 360 Controller Buttons

Click here to take the quiz!

General Stats

  • This quiz has been taken 347 times
  • The average score is 10 of 15

Answer Stats

HintButton% Correct
Green...A
99%
Red...B
99%
Blue...X
99%
Shows Xbox Guide...X
99%
Yellow...Y
99%
4 Directions...D Pad
71%
Left...Stick
61%
Right...Stick
61%
Middle (Right)...Start
60%
Left...Trigger
57%
Right...Trigger
57%
Left...Bumper
49%
Right...Bumper
49%
Middle (Left)...Back
39%
Adds controller to console...Sync
20%

Score Distribution

Percentile by Number Answered

Percent of People with Each Score

Your Score History

You have not taken this quiz